Revitalizácia Námestia Andreja Hlinku v Žiline

Salvato in:
Dettagli Bibliografici
Autore principale: Grečnárová, Jana (Autore)
Altri autori: Stankoci, Ivan (Relatore della tesi)
Natura: Manoscritto Libro
Lingua:slovacco
Pubblicazione: 2020
Soggetti:
Accesso online:http://is.stuba.sk/zp/portal_zp.pl?podrobnosti=143820
https://opac.crzp.sk/?fn=detailBiblioForm&sid=FD93F7145DB9686268D733EFB2D7
Tags: Aggiungi Tag
Nessun Tag, puoi essere il primo ad aggiungerne!!

MARC

LEADER 00000ntm a22000003a 4500
001 stuzp81153
003 SK-STU
005 20230516163115.8
007 ta
008 150427s2015----xo-----f-mn---000-0-slo-d
040 |a STU  |b slo 
041 0 |a slo 
100 1 |a Grečnárová, Jana  |u 010160  |4 aut  |U SvF Stavebná fakulta  |T SvF Katedra vodného hospodárstva krajiny  |X 93059  |U V160  |Y 16  |7 93059 
242 0 1 |a Revitalization of Námestie Andreja Hlinku in Žilina  |y eng 
245 1 0 |a Revitalizácia Námestia Andreja Hlinku v Žiline 
260 |c 2020 
650 4 |a promenáda  |2 slo 
650 4 |a kaviareň  |2 slo 
650 4 |a kaskáda  |2 slo 
650 4 |a letné kino  |2 slo 
650 4 |a terasa  |2 slo 
650 4 |a promenade  |2 eng 
650 4 |a cascade  |2 eng 
650 4 |a summer cinema  |2 eng 
650 4 |a terrace  |2 eng 
650 4 |a cafe  |2 eng 
650 4 |a fountain  |2 eng 
700 1 |a Stankoci, Ivan  |u 057170  |k Z1  |4 ths  |U FAD Fakulta architektúry  |T FA Ústav krajinnej a záhradnej architektúry  |X 5043  |U A7170  |Y 398  |7 A000005043 
856 4 |u http://is.stuba.sk/zp/portal_zp.pl?podrobnosti=143820 
856 4 |u https://opac.crzp.sk/?fn=detailBiblioForm&sid=FD93F7145DB9686268D733EFB2D7